00807nam a2200157 a 450000100100000000500170001000800410002704000250006824502280009326000530032130000420037471000400041604900090045695201670046599900170063200003087420200930062549.0110602s1927 dr 000 0 spa d aDO-SdBNPbspacBNPHU00aSumario de comercio 1926 importación y exportación :bconforme a la nomeclatura de Bruselas del año 1913, y con los valores especificados en dólares, moneda de los Estados Unidos de América /ccompilado y editado. aCiudad Trujillo, República Dominicana:,c1927. a1 v. en varias paginaciones ;c23 cm.1 aReceptoria General de Aduana957397 aBNPD 0010718PDaPDbPDcCTd2011-06-02iLF1l0o p30874-10r2020-06-25w2020-06-25yLFPDzPerteneció a la biblioteca personal de Julio Ortega Frier.ZNo se presta c30366d30366